000 00712nam a2200277Ia 4500
005 20260324140308.0
008 008 260324s9999 xx 000 0 eng d
020 _a9780203738948
037 _aEBOOK
040 _aCRL
040 _beng
040 _cCRL
041 _2eng
041 _aeng
084 _qCRL
100 _aPeter B. Gilkey; John V. Leahy; JeongHyeong Park
_91203854
245 0 _aSpectral Geometry, Riemannian Submersions, and the Gromov-Lawson Conjecture
260 _bTaylor and Francis
260 _c1999
365 _a
365 _b370
856 _uhttp://www.taylorfrancis.com/books/9780203738948
942 _cEBOOK
999 _c1805792
_d1805792